[Event "ECC"]
[Site "Halkidiki GRE"]
[Date "2002.09.28"]
[Round "7"]
[White "Kozul,Z"]
[Black "Timofeev,Ar"]
[Result "0-1"]
[WhiteElo "2588"]
[BlackElo "2558"]
[EventDate "2002.09.22"]

1. d4 d5 2. c4 e6 3. Nf3 c6 4. Nbd2 f5 5. g3 Nf6 6. Bg2 Bd6 7. O-O O-O 8.
Qc2 b6 9. Ne5 Bb7 10. Nd3 Qe7 11. Rb1 a5 12. Nf3 Na6 13. a3 c5 14. Bg5 cxd4
15. cxd5 e5 16. Qb3 Kh8 17. Qxb6 Bxd5 18. Nh4 Rfb8 19. Qxa5 Bxg2 20. Nxg2
Nb4 21. axb4 Rxa5 22. bxa5 e4 23. Ndf4 Qe5 24. a6 Nd7 25. Rfc1 Kg8 26. Rc6
h6 27. a7 Ra8 28. Rbc1 Rxa7 29. Ng6 Qb5 30. Rxd6 hxg5 31. Rc8+ Kf7 32. h4
Nf6 33. h5 Ra1+ 34. Ne1 Rxe1+ 35. Kg2 Ne8 36. Rdd8 e3 37. Nh8+ Kf6 38. Rxe8
Qb7+ 39. f3 Rxe2+ 0-1

[Event "ECC"]
[Site "Halkidiki GRE"]
[Date "2002.09.28"]
[Round "7"]
[White "Kobalia,M"]
[Black "Macieja,B"]
[Result "0-1"]
[WhiteElo "2625"]
[BlackElo "2607"]
[EventDate "2002.09.22"]

1. e4 c6 2. d4 d5 3. e5 Bf5 4. Nc3 e6 5. g4 Bg6 6. Nge2 c5 7. h4 h5 8. Nf4
Bh7 9. Nxh5 Nc6 10. dxc5 Bxc5 11. Bb5 Qc7 12. Bf4 O-O-O 13. Bxc6 Qxc6 14.
Qf3 Be4 15. Nxe4 dxe4 16. Qg2 Bb4+ 17. Kf1 Qxc2 18. Qg3 Qxb2 19. Kg2 Rd3
20. Be3 Bd2 21. Rhb1 Qc2 22. Rb3 Ne7 23. Nf4 Rxb3 24. axb3 a6 25. h5 Nc6
26. Ra4 Rd8 27. Bxd2 Rxd2 28. Rc4 Qb1 29. Qc3 Qd1 30. Qg3 e3 31. Qxe3 Qxg4+
32. Kh2 Rd1 33. Qg3 Qxg3+ 34. Kxg3 Kd7 35. Re4 Rb1 36. Re3 Nd4 37. Kg4 Rxb3
38. Re4 Nc6 39. Re1 a5 40. Nh3 a4 41. Ng5 0-1

[Event "ECC"]
[Site "Halkidiki GRE"]
[Date "2002.09.28"]
[Round "7"]
[White "Mitkov,N"]
[Black "Korobov,A"]
[Result "1/2-1/2"]
[WhiteElo "2493"]
[BlackElo "2534"]
[EventDate "2002.09.22"]

1. e4 c5 2. Nc3 a6 3. f4 b5 4. Nf3 Bb7 5. d4 cxd4 6. Nxd4 e6 7. Bd3 Bc5 8.
Nb3 Ba7 9. Qe2 b4 10. Nd1 Nf6 11. Be3 O-O 12. Bxa7 Rxa7 13. Qe3 Nc6 14. Nf2
a5 15. O-O a4 16. Nc5 d6 17. Nxb7 Rxb7 18. e5 dxe5 19. fxe5 Nd5 20. Qe4 g6
21. Ng4 Qb6+ 22. Kh1 Qd4 23. Rad1 Qxe4 24. Bxe4 Nde7 25. Rf4 Kg7 26. h3 Rb5
27. Bxc6 Nxc6 28. Rc4 h5 29. Rxc6 hxg4 30. hxg4 Rxe5 1/2-1/2

[Event "ECC"]
[Site "Halkidiki GRE"]
[Date "2002.09.28"]
[Round "7"]
[White "Savchenko,S"]
[Black "Degraeve,JM"]
[Result "1/2-1/2"]
[WhiteElo "2537"]
[BlackElo "2586"]
[EventDate "2002.09.22"]

1. d4 Nf6 2. Nf3 g6 3. c4 c5 4. Nc3 cxd4 5. Nxd4 Nc6 6. e4 d6 7. Be2 Nxd4
8. Qxd4 Bg7 9. Be3 O-O 10. Qd2 Be6 11. Rc1 Qa5 12. f3 Rfc8 13. b3 a6 14.
Na4 Qxd2+ 15. Kxd2 Nd7 16. g4 f5 17. exf5 gxf5 18. h3 Rf8 19. Rhg1 f4 20.
Bf2 d5 21. cxd5 Bxd5 22. Nb6 Nxb6 23. Bxb6 Rf6 24. Bc7 b5 25. Rgd1 e6 26.
Ke1 Rf7 27. Ba5 Bf6 28. Kf2 h5 29. Bd3 Kg7 30. gxh5 Bd4+ 31. Ke2 e5 32. Bc3
Re7 33. Bb4 Rb7 34. Bc5 Re8 35. Bg6 Re6 36. Bf5 Re8 37. Bg6 Re6 38. Bf5 Re8
39. Be4 Bxe4 40. fxe4 Bxc5 41. Rxc5 Rb6 42. Rd7+ Kh6 43. Rcc7 Kxh5 44. Rh7+
Rh6 45. Rce7 Rxh7 46. Rxe8 Kg6 47. Rxe5 Rxh3 48. Re6+ Kg5 49. Rxa6 Re3+ 50.
Kf2 Rxe4 51. Ra5 Kg4 52. Rxb5 f3 53. Rb8 1/2-1/2

[Event "ECC"]
[Site "Halkidiki GRE"]
[Date "2002.09.28"]
[Round "7"]
[White "Conquest,S"]
[Black "Timoshenko,G"]
[Result "0-1"]
[WhiteElo "2542"]
[BlackElo "2528"]
[EventDate "2002.09.22"]

1. c4 Nf6 2. Nc3 e6 3. Nf3 Bb4 4. Qb3 c5 5. g3 O-O 6. Bg2 Nc6 7. O-O Na5 8.
Qc2 Nxc4 9. Na4 d5 10. a3 Ba5 11. d3 Nb6 12. Nxc5 Nbd7 13. Nb3 Bb6 14. a4
Qc7 15. Qd1 Nc5 16. Bf4 Qd8 17. Nbd4 a5 18. Qd2 Bd7 19. b3 Qe7 20. Qb2 Na6
21. Ne5 Rfc8 22. e4 Nb4 23. Rad1 Be8 24. h3 Qc5 25. Be3 Qc3 26. Qxc3 Rxc3
27. Kh2 Bxd4 28. Bxd4 Rxb3 29. g4 Bxa4 30. g5 Nd7 31. Nxd7 Bxd7 32. exd5
exd5 33. Bc5 Bc6 34. d4 a4 35. Rb1 Rxb1 36. Rxb1 Nc2 37. Rb2 a3 38. Ra2 b5
0-1

[Event "ECC"]
[Site "Halkidiki GRE"]
[Date "2002.09.28"]
[Round "7"]
[White "Kovacevic,A"]
[Black "Sakaev,K"]
[Result "1/2-1/2"]
[WhiteElo "2551"]
[BlackElo "2647"]
[EventDate "2002.09.22"]

1. e4 e6 2. d4 d5 3. Nc3 Nf6 4. Bg5 dxe4 5. Nxe4 Be7 6. Bxf6 Bxf6 7. Nf3
O-O 8. Qd2 Be7 9. Bd3 Nd7 10. O-O-O c5 11. Nxc5 Nxc5 12. dxc5 Qd5 13. Kb1
Qxc5 14. h4 Qb6 15. c3 a5 16. Qc2 f5 17. Bc4 a4 18. Nd4 Kh8 19. Rhe1 Bxh4
20. Bxe6 a3 21. b3 g6 22. Bc4 Bf6 23. Nb5 Qc5 24. Rd5 Qc6 25. Rd6 Qc5 26.
Rd5 Qc6 27. Rd6 Qc5 28. Rd5 1/2-1/2

[Event "ECC"]
[Site "Halkidiki GRE"]
[Date "2002.09.28"]
[Round "7"]
[White "Solak,D"]
[Black "Popov,Val"]
[Result "0-1"]
[WhiteElo "2515"]
[BlackElo "2579"]
[EventDate "2002.09.22"]

1. e4 c5 2. b3 d6 3. Bb2 Nc6 4. Bb5 Bd7 5. f4 a6 6. Bxc6 Bxc6 7. Qe2 e6 8.
c4 b5 9. d3 Nf6 10. Nd2 Qa5 11. e5 bxc4 12. dxc4 dxe5 13. fxe5 Ne4 14. Ngf3
Rd8 15. O-O-O Nxd2 16. Nxd2 Be7 17. Ne4 O-O 18. Bc3 Qc7 19. Rhf1 a5 20.
Nf6+ Kh8 21. Rxd8 Bxd8 22. Ne4 Be7 23. Rf3 Qb7 24. Re3 Bxe4 25. Rxe4 a4 26.
Kb2 Rb8 27. Qc2 Qa6 28. h4 Kg8 29. g3 Qc8 30. Be1 Bd8 31. Bc3 Qa6 32. Rg4
Ba5 33. Rf4 h6 34. Rf3 axb3 35. axb3 Ra8 36. Kc1 Qb7 37. Re3 Bxc3 38. Qxc3
Qh1+ 39. Re1 Ra1+ 40. Qxa1 Qxe1+ 41. Kb2 Qxe5+ 42. Ka2 Qxa1+ 43. Kxa1 g5
44. b4 cxb4 45. c5 Kf8 0-1

[Event "ECC"]
[Site "Halkidiki GRE"]
[Date "2002.09.28"]
[Round "7"]
[White "Anisimov,P"]
[Black "Lazic,Mi"]
[Result "1/2-1/2"]
[WhiteElo "2434"]
[BlackElo "2459"]
[EventDate "2002.09.22"]

1. e4 e5 2. Nf3 Nc6 3. Bb5 a6 4. Ba4 Nf6 5. O-O Be7 6. Re1 b5 7. Bb3 d6 8.
c3 O-O 9. h3 Na5 10. Bc2 c5 11. d4 Qc7 12. Nbd2 cxd4 13. cxd4 Rd8 14. Nf1
exd4 15. Nxd4 d5 16. e5 Ne4 17. f3 Bc5 18. b4 Bxd4+ 19. Qxd4 Qxc2 20. bxa5
Nc3 21. Bg5 Re8 22. Bd2 Na4 23. Ne3 Qc5 24. Qxc5 Nxc5 25. Nxd5 Rd8 26. Nb6
Rb8 27. Bb4 Nd3 28. Red1 Bf5 29. Bd6 Rb7 30. Nd5 Nb2 31. Rdc1 Be6 32. Ne7+
Kh8 33. f4 Re8 34. f5 Bc4 35. Rab1 Rbxe7 36. Rxb2 Rd7 37. Kf2 f6 38. Re1
fxe5 39. Bxe5 Kg8 40. Bc3 Rxe1 41. Kxe1 Rd3 42. Bb4 Rd4 43. a3 Re4+ 44. Kd1
Rf4 45. g4 Rf1+ 46. Kd2 Rf3 47. Rb1 Rd3+ 48. Kc2 Rxh3 49. Re1 h5 50. Re8+
1/2-1/2

[Event "ECC"]
[Site "Halkidiki GRE"]
[Date "2002.09.28"]
[Round "7"]
[White "Suba,M"]
[Black "Har Zvi,R"]
[Result "0-1"]
[WhiteElo "2507"]
[BlackElo "2505"]
[EventDate "2002.09.22"]

1. Nf3 c5 2. c4 Nc6 3. Nc3 Nf6 4. g3 d5 5. d4 e6 6. cxd5 Nxd5 7. Bg2 Be7 8.
O-O O-O 9. Rb1 b6 10. dxc5 Bxc5 11. Nxd5 exd5 12. Bg5 Qe8 13. a3 Bf5 14.
Rc1 Be4 15. b4 Bd6 16. Qd2 Ne5 17. Nxe5 Bxe5 18. Bxe4 dxe4 19. Rc4 h6 20.
Rxe4 hxg5 21. Qd5 Qa4 22. Rxe5 Qxa3 23. Qc4 Qb2 24. Rxg5 Rfe8 25. Qg4 a5
26. bxa5 bxa5 27. Rd1 a4 28. Kg2 a3 29. Rd4 Qb7+ 30. Kh3 g6 31. Ra4 a2 0-1

[Event "ECC"]
[Site "Halkidiki GRE"]
[Date "2002.09.28"]
[Round "7"]
[White "Gofshtein,Z"]
[Black "Saldano,H"]
[Result "1/2-1/2"]
[WhiteElo "2519"]
[BlackElo "2414"]
[EventDate "2002.09.22"]

1. Nf3 c5 2. c4 Nc6 3. Nc3 Nf6 4. e3 e6 5. d4 d5 6. a3 a6 7. b3 Bd6 8. Bb2
O-O 9. dxc5 Bxc5 10. Qc2 Qe7 11. b4 Ba7 12. Be2 d4 13. exd4 Nxd4 14. Nxd4
Bxd4 15. O-O e5 16. Bf3 a5 17. Rae1 Be6 18. c5 axb4 19. axb4 Bc4 20. Ne2
Bxe2 21. Qxe2 Ra2 22. Qc4 Rxb2 23. Qxd4 exd4 24. Rxe7 Rxb4 25. Rxb7 Rxb7
26. Bxb7 Rd8 27. Ra1 Kf8 28. Kf1 Ne8 29. Ke2 Nc7 30. Kd3 Ne6 31. Rc1 Ke7
32. g3 Rd7 33. Bc8 Rd8 34. Bxe6 Kxe6 35. Rc4 Rd5 36. f4 Kd7 37. c6+ Kc7 38.
g4 Rd6 39. Rc5 Rxc6 40. Kxd4 Rxc5 41. Kxc5 Kd7 42. Kd5 Ke7 43. h4 h6 44.
Ke5 g6 45. h5 f6+ 46. Kd5 f5 47. hxg6 1/2-1/2

[Event "ECC"]
[Site "Halkidiki GRE"]
[Date "2002.09.28"]
[Round "7"]
[White "Romero Holmes,A"]
[Black "Kantsler,B"]
[Result "1/2-1/2"]
[WhiteElo "2524"]
[BlackElo "2487"]
[EventDate "2002.09.22"]

1. e4 g6 2. Nc3 Bg7 3. h4 h5 4. d4 c6 5. Bc4 d5 6. exd5 b5 7. Bd3 b4 8. Ne4
cxd5 9. Ng5 Nc6 10. N1f3 Bg4 11. c3 Qa5 12. Bd2 Nh6 13. O-O O-O 14. Re1 e6
15. Qc1 bxc3 16. bxc3 Bf5 17. Nh3 Bxd3 18. Bxh6 Rac8 19. Bxg7 Kxg7 20. Qg5
Be4 21. Nf4 Rh8 22. Re3 Qc7 23. Nd2 Bf5 24. Rae1 Ne7 25. Qg3 Bg4 26. Qh2
Nf5 27. Rd3 Nd6 28. Rde3 Bf5 29. Nxd5 exd5 30. Re7 Qc6 31. Qe5+ Kg8 32. Nf3
Ne4 33. Rxa7 Rh7 34. Qe7 Re8 35. Qa3 f6 36. Ra6 Qc8 37. Nd2 Rc7 38. Nxe4
Bxe4 39. Rxf6 Rxc3 40. Qd6 Qg4 41. Rxe4 Qxe4 42. Rxg6+ Kh7 43. Rh6+ Kg8 44.
Qf6 Qe1+ 45. Kh2 Qh1+ 46. Kxh1 Re1+ 47. Kh2 Rh1+ 48. Kxh1 Rh3+ 49. Kg1 Rh1+
1/2-1/2

[Event "ECC"]
[Site "Halkidiki GRE"]
[Date "2002.09.28"]
[Round "7"]
[White "Zoler,D"]
[Black "Del Rio Angelis,S"]
[Result "1-0"]
[WhiteElo "2503"]
[BlackElo "2498"]
[EventDate "2002.09.22"]

1. d4 Nf6 2. c4 e6 3. Nf3 b6 4. g3 Ba6 5. b3 Bb4+ 6. Bd2 Be7 7. Bg2 Bb7 8.
O-O O-O 9. Nc3 d5 10. Ne5 Na6 11. cxd5 exd5 12. Bf4 Qc8 13. Rc1 Qe6 14. Re1
c5 15. dxc5 Nxc5 16. Nb5 Nh5 17. e3 Nxf4 18. exf4 Qf5 19. Nd4 1-0

[Event "ECC"]
[Site "Halkidiki GRE"]
[Date "2002.09.28"]
[Round "7"]
[White "Zlotnik,B"]
[Black "Finkel,A"]
[Result "1-0"]
[WhiteElo "2423"]
[BlackElo "2485"]
[EventDate "2002.09.22"]

1. d4 Nf6 2. c4 e6 3. Nc3 Bb4 4. Qc2 O-O 5. a3 Bxc3+ 6. Qxc3 d6 7. Bg5 Nbd7
8. Nf3 Re8 9. e3 Nf8 10. Bd3 e5 11. Bc2 Qe7 12. O-O h6 13. Bh4 Bg4 14. Nd2
Ng6 15. dxe5 dxe5 16. Bxg6 fxg6 17. f3 Bd7 18. Bf2 g5 19. Rfe1 e4 20. f4
gxf4 21. exf4 Bc6 22. b4 b6 23. Nf3 Bb7 24. Ne5 Qe6 25. Bd4 Rad8 26. Rad1
Qf5 27. Rf1 c5 28. bxc5 bxc5 29. Be3 Rd3 30. Nxd3 exd3 31. Qxd3 Be4 32. Qd2
Bc6 33. Rde1 Re7 34. h3 Rd7 35. Qe2 Rd3 36. Kh2 Rxa3 37. Bc1 Rc3 38. Qe6+
Qxe6 39. Rxe6 Be4 40. Bb2 Rc2 41. Bxf6 Rxg2+ 42. Kh1 Bb7 43. Re8+ Kh7 44.
Re7 Bc6 45. Rc7 Be4 46. Re1 Re2+ 47. Kg1 Rxe1+ 48. Kf2 Kg6 49. Kxe1 Kxf6
50. Rxc5 g5 51. fxg5+ hxg5 52. Kf2 Bf5 53. Kg3 Be6 54. Rc6 Ke5 55. c5 Bc4
56. Rg6 Kd5 57. c6 1-0

[Event "ECC"]
[Site "Halkidiki GRE"]
[Date "2002.09.28"]
[Round "7"]
[White "Bitansky,I"]
[Black "Hernando Rodrigo,Jo"]
[Result "0-1"]
[WhiteElo "2337"]
[BlackElo "2393"]
[EventDate "2002.09.22"]

1. Nf3 Nf6 2. g3 d5 3. Bg2 g6 4. O-O Bg7 5. d3 O-O 6. Nbd2 c5 7. e4 dxe4 8.
dxe4 Nc6 9. c3 Rb8 10. Qe2 b5 11. Rd1 Qc7 12. Nf1 Nd7 13. Bf4 e5 14. Bc1 c4
15. Ne3 Ne7 16. Nd5 Nxd5 17. exd5 Nc5 18. d6 Qd8 19. Nxe5 Re8 20. Nc6 Rxe2
21. Nxd8 Bd7 22. Nc6 Rbe8 23. Ne7+ Kf8 24. Bf3 Rc2 25. Rd2 Rxd2 26. Bxd2
Nd3 27. b3 b4 28. Nd5 Bc6 29. Bg5 bxc3 30. Be7+ Kg8 31. Nf6+ Bxf6 32. Bxf6
Bxf3 33. d7 Ra8 34. d8=Q+ Rxd8 35. Bxd8 c2 36. Bg5 c3 37. a3 f6 38. Be3 Kf7
39. Ra2 Bd1 40. Ra1 Ke6 41. h4 Kd5 42. Kf1 a5 43. Kg1 a4 44. bxa4 Kc4 45.
a5 Kb3 46. a6 Kb2 47. a7 Bf3 0-1

[Event "ECC"]
[Site "Halkidiki GRE"]
[Date "2002.09.28"]
[Round "7"]
[White "Avrukh,B"]
[Black "Aleksandrov,A"]
[Result "0-1"]
[WhiteElo "2582"]
[BlackElo "2654"]
[EventDate "2002.09.22"]

1. d4 Nf6 2. c4 e6 3. Nf3 d5 4. g3 dxc4 5. Bg2 Nc6 6. Qa4 Bb4+ 7. Bd2 Bd6
8. Bc3 O-O 9. Qxc4 Qe7 10. Ne5 Bxe5 11. dxe5 Nd5 12. Nd2 Rd8 13. Rc1 a5 14.
O-O Bd7 15. Nf3 Nxc3 16. Qxc3 Be8 17. a3 a4 18. e3 h6 19. Nd4 Ra6 20. Nxc6
Bxc6 21. Bxc6 Rxc6 22. Qa5 Qd7 23. h4 h5 24. Rfe1 b5 25. Qb4 g6 26. e4 Rxc1
27. Rxc1 Qd2 28. Qc5 Qxb2 29. Qxc7 Rd2 30. Rf1 Kg7 31. Qc5 Rd3 32. Kg2 Qe2
33. Kg1 Rb3 34. Qe7 Qf3 35. Qd7 Qxe4 36. Qd6 Rd3 37. Qb8 Rd5 0-1

[Event "ECC"]
[Site "Halkidiki GRE"]
[Date "2002.09.28"]
[Round "7"]
[White "Golod,V"]
[Black "Bogdanovski,V"]
[Result "1-0"]
[WhiteElo "2538"]
[BlackElo "2483"]
[EventDate "2002.09.22"]

1. d4 Nf6 2. c4 e6 3. Nc3 Bb4 4. Qc2 d6 5. Bg5 Nbd7 6. e3 c5 7. Bd3 Qa5 8.
Nge2 cxd4 9. Bxf6 Nxf6 10. exd4 d5 11. c5 b6 12. c6 Ba6 13. O-O Rc8 14. a3
Bxc3 15. Nxc3 Bxd3 16. Qxd3 b5 17. Qxb5 Qxb5 18. Nxb5 Rxc6 19. Nxa7 Rb6 20.
a4 Rxb2 21. Rfb1 Rxb1+ 22. Rxb1 Ke7 23. Rb7+ Nd7 24. a5 Ra8 25. a6 g5 26.
Nc6+ Kd6 27. Nb4 f6 28. a7 Rc8 29. h4 Rc1+ 30. Kh2 Ra1 31. hxg5 fxg5 32. g4
h6 33. Kg2 Ra4 34. Kf1 1-0

[Event "ECC"]
[Site "Halkidiki GRE"]
[Date "2002.09.28"]
[Round "7"]
[White "Azmaiparashvili,Z"]
[Black "Portisch,L"]
[Result "1-0"]
[WhiteElo "2676"]
[BlackElo "2599"]
[EventDate "2002.09.22"]

1. c4 e6 2. Nc3 d5 3. d4 Be7 4. Nf3 Nf6 5. Bg5 O-O 6. Qc2 c5 7. dxc5 dxc4
8. e4 Nfd7 9. Bf4 Nc6 10. Bxc4 Nxc5 11. Rd1 Qa5 12. a3 Nd7 13. O-O Nde5 14.
Nxe5 Nxe5 15. Be2 Ng6 16. Bg3 a6 17. Kh1 b5 18. f4 Re8 19. f5 Nf8 20. Bh5
Rd8 21. Bxf7+ Kxf7 22. fxe6+ Kg8 23. Nd5 Re8 24. Bc7 Qa4 25. Nxe7+ Kh8 26.
b3 Qxa3 27. Bd6 Qa5 28. Nc6 Qb6 29. Rxf8+ Rxf8 30. Bxf8 Bxe6 31. Bxg7+ Kxg7
32. Qc3+ 1-0

[Event "ECC"]
[Site "Halkidiki GRE"]
[Date "2002.09.28"]
[Round "7"]
[White "Horvath,Cs"]
[Black "Palac,M"]
[Result "1/2-1/2"]
[WhiteElo "2517"]
[BlackElo "2564"]
[EventDate "2002.09.22"]

1. d4 Nf6 2. c4 e6 3. Nf3 b6 4. g3 Ba6 5. Qa4 Bb7 6. Bg2 c5 7. dxc5 Bxc5 8.
Nc3 O-O 9. O-O Be7 10. Rd1 Na6 11. Bf4 Nc5 12. Qc2 Qc8 13. Rd4 d5 14. cxd5
Nxd5 15. Nxd5 Bxd5 16. Ne1 Bxg2 1/2-1/2

[Event "ECC"]
[Site "Halkidiki GRE"]
[Date "2002.09.28"]
[Round "7"]
[White "Yemelin,V"]
[Black "Groszpeter,A"]
[Result "0-1"]
[WhiteElo "2534"]
[BlackElo "2491"]
[EventDate "2002.09.22"]

1. e4 c6 2. d4 d5 3. e5 Bf5 4. Be3 e6 5. Nd2 Nd7 6. c3 Qb6 7. b4 Qc7 8. f4
a5 9. a3 Ne7 10. Be2 axb4 11. axb4 Rxa1 12. Qxa1 Nc8 13. Ngf3 Be7 14. O-O
O-O 15. Ne1 f6 16. g4 Bg6 17. Ng2 f5 18. h3 Ncb6 19. Bf2 Ra8 20. Qb2 Na4
21. Qb3 b5 22. h4 fxg4 23. Bxg4 Nf8 24. h5 Bd3 25. Rc1 Nb6 26. Ne1 Bf5 27.
Bxf5 exf5 28. Qc2 g6 29. Ng2 Ne6 30. Nf3 Nd7 31. Bh4 Ndf8 32. Kh1 Bxh4 33.
Nfxh4 Qg7 34. hxg6 hxg6 35. Rf1 Qh6 36. Rf3 Ra7 37. Qf2 Qh5 38. Kh2 Rh7 39.
Kg1 Ra7 40. Kh2 Rh7 41. Kg1 Qg4 42. Kf1 Ra7 43. Ne1 Rh7 44. Nhg2 Rh1+ 45.
Ke2 g5 46. Ke3 Ng6 47. Nd3 Rh2 48. Rg3 Qd1 49. Qf3 gxf4+ 50. Ndxf4 Qg1+ 51.
Kd3 Nexf4+ 52. Qxf4 Rxg2 53. Rxg2 Qxg2 54. Qxf5 Qh3+ 0-1

[Event "ECC"]
[Site "Halkidiki GRE"]
[Date "2002.09.28"]
[Round "7"]
[White "Horvath,Gy"]
[Black "Lugovoi,A"]
[Result "1-0"]
[WhiteElo "2435"]
[BlackElo "2516"]
[EventDate "2002.09.22"]

1. d4 Nf6 2. c4 e6 3. Nc3 Bb4 4. Qc2 O-O 5. a3 Bxc3+ 6. Qxc3 b6 7. Nf3 Bb7
8. g3 d6 9. Bg2 Nbd7 10. O-O Be4 11. b3 c6 12. Bb2 Qb8 13. Bh3 d5 14. Rac1
Qb7 15. Qe3 h6 16. Rfd1 a5 17. Nd2 Bg6 18. Bg2 Rac8 19. Qf4 Rfe8 20. g4 b5
21. c5 b4 22. a4 e5 23. dxe5 Qb8 24. Nf3 Ne4 25. Qe3 f6 26. Nh4 Bh7 27.
Bxe4 Bxe4 28. exf6 Nxf6 29. Qg3 Qxg3+ 30. hxg3 Nxg4 31. f3 Ne3 32. fxe4
Nxd1 33. Rxd1 Rxe4 34. Nf5 Rxe2 35. Bxg7 h5 36. Bh6 Kh7 37. Bf4 Kg6 38. Nd4
Re4 39. Bd6 h4 40. gxh4 Rxh4 41. Kf2 Re4 42. Rd3 Rg4 43. Rg3 Kh5 44. Nf5
Kg5 45. Ne7 Rxg3 46. Kxg3 Re8 47. Kf3 Rf8+ 48. Ke2 Rh8 49. Nxc6 Kf5 50.
Nxa5 Ke4 51. c6 Rg8 52. c7 d4 53. Nc4 d3+ 54. Kf1 Rh8 55. Bxb4 Kf3 56. Ke1
1-0

[Event "ECC"]
[Site "Halkidiki GRE"]
[Date "2002.09.28"]
[Round "7"]
[White "Atalik,S"]
[Black "Romanishin,O"]
[Result "1/2-1/2"]
[WhiteElo "2551"]
[BlackElo "2559"]
[EventDate "2002.09.22"]

1. d4 Nf6 2. c4 e6 3. Nc3 Bb4 4. Qc2 d5 5. cxd5 Qxd5 6. e3 O-O 7. Bd2 Bxc3
8. Bxc3 Nbd7 9. Ne2 Qf5 10. Rc1 Re8 11. Ng3 Qxc2 12. Rxc2 b6 13. Bb5 Bb7
14. O-O Red8 15. Bb4 Nd5 16. Bd2 Rac8 17. Rfc1 a6 18. Ba4 Nf8 19. a3 h6 20.
f3 Ng6 21. Nh5 c5 22. dxc5 b5 23. Bb3 Nde7 24. e4 Nc6 25. Bc3 Nce5 26. Ba5
Rd3 27. Ba2 Nc6 28. Bc3 Nd4 29. Bxd4 Rxd4 30. c6 Ba8 31. c7 Kf8 32. Kf2 Ne5
33. Nf4 Ke7 34. Ke3 Rd6 35. Rc5 Rc6 36. Rxc6 Nxc6 37. Nd3 Rxc7 38. Nb4 a5
39. Nxc6+ Bxc6 40. e5 Rc8 41. Bb1 Kd7 42. Be4 Rc7 43. b4 axb4 44. axb4 Bxe4
45. Rxc7+ Kxc7 46. Kxe4 Kc6 47. g4 g5 48. Kd4 Kb6 49. Ke3 Kc7 50. Kd4 Kb6
51. Ke4 Kc6 52. h3 Kc7 53. f4 Kc6 54. f5 Kb6 55. f6 Kc6 56. Kd4 1/2-1/2

[Event "ECC"]
[Site "Halkidiki GRE"]
[Date "2002.09.28"]
[Round "7"]
[White "Volokitin,And"]
[Black "Blagojevic,D"]
[Result "1/2-1/2"]
[WhiteElo "2545"]
[BlackElo "2537"]
[EventDate "2002.09.22"]

1. e4 e5 2. Nf3 Nc6 3. Bb5 a6 4. Ba4 Nf6 5. O-O Be7 6. Re1 b5 7. Bb3 d6 8.
c3 O-O 9. h3 Nd7 10. d4 Bf6 11. a4 Bb7 12. Na3 exd4 13. cxd4 Re8 14. axb5
axb5 15. Bf4 Na5 16. Bc2 b4 17. Nb5 Nf8 18. Qd2 Ne6 19. Qxb4 c5 20. Qd2 Nc4
21. Qc3 Rxa1 22. Rxa1 Nxf4 23. Qxc4 d5 24. exd5 Bxd5 25. Qxc5 Bxf3 26. gxf3
Be5 27. dxe5 Qg5+ 28. Kf1 Qg2+ 29. Ke1 Qg1+ 30. Kd2 Qxa1 31. Nd6 Rf8 32. b4
Ne6 33. Qe3 Nd4 34. Be4 Qb2+ 35. Kd3 Nc2 36. Qc5 Nxb4+ 37. Ke3 Na6 38. Qc4
Qb6+ 39. Kf4 Nc7 40. Kg3 Ne8 41. Nc8 Qd8 42. f4 Nf6 43. Nd6 Nxe4+ 44. Qxe4
Qe7 45. f5 Rb8 46. Qd5 Kf8 47. Nxf7 Re8 48. e6 Kg8 49. Qd7 Kf8 50. h4 Qa3+
51. f3 Qe7 52. Ng5 h6 53. Nf7 Qf6 54. h5 Ra8 55. Qd5 Qa1 56. Qd6+ Kg8 57.
Qd2 Qg1+ 58. Qg2 Qxg2+ 59. Kxg2 Ra5 60. f4 Kf8 61. Ne5 Ra3 62. Nf3 1/2-1/2

[Event "ECC"]
[Site "Halkidiki GRE"]
[Date "2002.09.28"]
[Round "7"]
[White "Varga,Zo"]
[Black "Gritsak,O"]
[Result "1-0"]
[WhiteElo "2528"]
[BlackElo "2542"]
[EventDate "2002.09.22"]

1. d4 Nf6 2. c4 e6 3. Nc3 Bb4 4. Bd2 O-O 5. Nf3 b6 6. g3 Bb7 7. Bg2 d6 8.
O-O Nbd7 9. b3 a5 10. Qc2 Qb8 11. Rfe1 Bxc3 12. Bxc3 Be4 13. Qd1 c6 14. Rc1
Re8 15. Bh3 d5 16. Ne5 Nxe5 17. dxe5 Nd7 18. f3 Bg6 19. cxd5 cxd5 20. Qd4
Qb7 21. Red1 Nb8 22. Qd2 Nc6 23. e3 Rec8 24. Bf1 h6 25. Bb5 Na7 26. Be2 Nc6
27. Bb2 Rc7 28. Rc3 Rac8 29. Rdc1 Nxe5 30. Rxc7 Nxf3+ 31. Bxf3 Rxc7 32.
Rxc7 Qxc7 33. Qc3 Qxc3 34. Bxc3 Bb1 35. a4 Bc2 36. Be2 1-0

[Event "ECC"]
[Site "Halkidiki GRE"]
[Date "2002.09.28"]
[Round "7"]
[White "Rasic,D"]
[Black "Sulypa,A"]
[Result "1/2-1/2"]
[WhiteElo "2342"]
[BlackElo "2505"]
[EventDate "2002.09.22"]

1. e4 c5 2. Nc3 Nc6 3. g3 g6 4. Bg2 Bg7 5. d3 d6 6. f4 e5 7. Nh3 Nge7 8.
O-O O-O 9. f5 gxf5 10. exf5 f6 11. g4 d5 1/2-1/2

[Event "ECC"]
[Site "Halkidiki GRE"]
[Date "2002.09.28"]
[Round "7"]
[White "Firman,N"]
[Black "Glavas,D"]
[Result "1-0"]
[WhiteElo "2494"]
[BlackElo "2273"]
[EventDate "2002.09.22"]

1. e4 e6 2. d4 d5 3. Nc3 Bb4 4. e5 c5 5. a3 Bxc3+ 6. bxc3 Qa5 7. Qd2 Ne7 8.
Nf3 Nbc6 9. Rb1 a6 10. h4 f6 11. exf6 gxf6 12. g3 cxd4 13. Nxd4 Ne5 14. Rb4
N7c6 15. Nxc6 Nxc6 16. Be2 Nxb4 17. Bh5+ Kd8 18. cxb4 Qc7 19. Bb2 Rf8 20.
Qh6 Qe7 21. Bd4 Qd6 22. Bc5 Qe5+ 23. Kf1 Re8 24. Bxe8 Kxe8 25. Qg7 1-0

[Event "ECC"]
[Site "Halkidiki GRE"]
[Date "2002.09.28"]
[Round "7"]
[White "Atlas,V"]
[Black "Timoscenko,G"]
[Result "1/2-1/2"]
[WhiteElo "2501"]
[BlackElo "2508"]
[EventDate "2002.09.22"]

1. e4 c5 2. Nf3 e6 3. d4 cxd4 4. Nxd4 a6 5. Nc3 Qc7 6. g3 Bb4 7. Nde2 Nf6
8. Bg2 Be7 9. O-O O-O 10. a4 Nc6 11. Nf4 Rd8 12. Qe2 d6 13. Kh1 Bd7 14. b3
Ne5 15. Bb2 Rac8 16. Rfc1 Be8 17. h3 Ng6 18. Nd3 d5 19. e5 Nd7 20. f4 Nc5
21. h4 Bf8 22. h5 Ne7 23. g4 d4 24. Ne4 Nxe4 25. Bxe4 Bc6 26. Kg2 Nd5 27.
Bxd5 Rxd5 28. Kg3 b5 29. Qf2 bxa4 30. bxa4 Qd7 31. Ba3 Bxa3 32. Rxa3 Bxa4
33. h6 Bb5 34. hxg7 Qe7 35. Rca1 Rc3 36. Rxc3 dxc3 37. Ne1 Qc5 38. Nf3
Qxf2+ 39. Kxf2 Kxg7 40. Ra3 Rc5 41. Ke3 Rc4 1/2-1/2

[Event "ECC"]
[Site "Halkidiki GRE"]
[Date "2002.09.28"]
[Round "7"]
[White "Bednar,Jar"]
[Black "Gustafsson,J"]
[Result "1/2-1/2"]
[WhiteElo "2335"]
[BlackElo "2542"]
[EventDate "2002.09.22"]

1. e4 e5 2. Nf3 Nc6 3. Nc3 Nf6 4. d4 exd4 5. Nd5 Be7 6. Bf4 d6 7. Nxd4 O-O
8. Nb5 Nxd5 9. exd5 Ne5 10. Be2 c6 11. dxc6 bxc6 12. Nd4 Qb6 13. O-O Qxb2
14. Bxe5 dxe5 15. Nxc6 Bf6 16. Bc4 Bf5 17. Bb3 Qc3 18. Qd5 a5 19. Ba4 Qa3
20. Qb5 Rac8 21. Bb3 Be4 22. Nxa5 Rb8 23. Qe2 Bxg2 24. Kxg2 Qxa5 25. Rad1
Rb4 26. Rd5 Qc7 27. c4 Rb6 28. Rfd1 Bh4 29. Qxe5 Qc8 30. Qf5 Qb7 31. Qd7
Rg6+ 32. Kh1 Qb4 33. Rf5 Bf6 34. Qd3 Re8 35. Qf1 Qe7 36. Bc2 Rh6 37. Qg2
Qe2 38. Ba4 Rf8 39. Rg1 Rg6 40. Qf3 Qxa2 41. Bb3 Qd2 42. c5 Re8 43. Rxg6
hxg6 44. Rd5 Qc1+ 45. Kg2 Rc8 46. Qe4 Rxc5 47. Rxc5 Qxc5 48. Qe8+ Kh7 49.
Qxf7 Qg5+ 50. Kf1 Kh6 51. Qe8 Qf5 52. Qe6 Qb5+ 53. Bc4 Qh5 54. Kg2 Qg5+ 55.
Kf1 Qh4 56. Kg2 Bd4 57. Qh3 Bxf2 58. Qxh4+ Bxh4 59. h3 Bd8 1/2-1/2

[Event "ECC"]
[Site "Halkidiki GRE"]
[Date "2002.09.28"]
[Round "7"]
[White "Naumann,A"]
[Black "Kajan,M"]
[Result "1-0"]
[WhiteElo "2507"]
[BlackElo "2099"]
[EventDate "2002.09.22"]

1. e4 e6 2. d3 d5 3. Qe2 dxe4 4. dxe4 Nf6 5. Nf3 Nc6 6. g3 e5 7. Bg2 Bd6 8.
O-O Bg4 9. c3 h6 10. Nbd2 Qd7 11. Nc4 Rd8 12. b4 O-O 13. Rd1 Qe8 14. a4 Qe6
15. Bb2 Ne7 16. Ne3 Bh5 17. Qc2 c6 18. Rd2 Bc7 19. c4 Bg6 20. Rxd8 Rxd8 21.
Nh4 Qd6 22. c5 Qd3 23. Nxg6 Nxg6 24. Rd1 Qxc2 25. Rxd8+ Bxd8 26. Nxc2 a5
27. bxa5 Bxa5 28. Ba3 Nd7 29. Bh3 Ngf8 30. Na1 Bd8 31. Nb3 f6 32. Kf1 Kf7
33. Ke2 Ne6 34. Kd3 Be7 35. Kc4 b6 36. Bxe6+ Kxe6 37. Bb4 g6 38. f3 f5 39.
Kc3 g5 40. cxb6 Bxb4+ 41. Kxb4 fxe4 42. fxe4 Nxb6 43. a5 Nd7 44. Nc5+ Kd6
45. Nxd7 Kxd7 46. Kc5 Kc7 47. g4 Kb7 48. h3 1-0

[Event "ECC"]
[Site "Halkidiki GRE"]
[Date "2002.09.28"]
[Round "7"]
[White "Gershon,A"]
[Black "Kocsis,Le"]
[Result "1-0"]
[WhiteElo "2556"]
[BlackElo "2392"]
[EventDate "2002.09.22"]

1. d4 Nf6 2. c4 g6 3. Nc3 d5 4. Nf3 Bg7 5. Qb3 dxc4 6. Qxc4 O-O 7. e4 a6 8.
e5 Nfd7 9. Qb3 Nb6 10. Be3 Be6 11. Qc2 Nc6 12. a3 f6 13. O-O-O Na5 14. d5
Bf5 15. Ne4 fxe5 16. Nfg5 h6 17. Ne6 Bxe6 18. dxe6 Qe8 19. Nc5 Rf6 20. Bd3
Nc6 21. Be4 Nd8 22. f4 exf4 23. Bd4 Rxe6 24. Nxe6 Nxe6 25. Bxb6 cxb6 26.
Bd5 1-0